[Event "OLOA 1920 SG 1871 Löberitz - SK König"]
[Site "?"]
[Date "2019.12.08"]
[Round "5.8"]
[White "Schaefer, Reyk"]
[Black "Graf, Lucas"]
[Result "1-0"]
[WhiteElo "2110"]
[BlackElo "1842"]
[PlyCount "85"]
[EventDate "2019.??.??"]
[EventType "team-tourn"]

1. d4 d5 2. c4 c6 3. cxd5 cxd5 4. Bf4 Bf5 5. Nc3 Nc6 6. e3 Nf6 7. Qb3 Qd7 8.
Nf3 e6 9. Ne5 Qc8 10. Bb5 Nd7 11. O-O Be7 12. Rac1 O-O 13. Ne2 Ndxe5 14. Bxe5
Qd7 15. Rc3 Rfc8 16. Rfc1 f6 17. Bg3 Bg6 18. Nf4 Bd6 19. Nxg6 Bxg3 20. hxg3
hxg6 21. Qc2 Rab8 22. Qxg6 a6 23. Bd3 Ne7 24. Qh7+ Kf7 25. Be2 Rxc3 26. Bh5+
Kf8 27. Rxc3 Rc8 28. Qc2 Rxc3 29. Qxc3 Nf5 30. Bd1 Nd6 31. Qb4 Ke7 32. Qc5 Qc6
33. Qxc6 bxc6 34. b4 e5 35. dxe5 fxe5 36. Be2 Nb5 37. Bxb5 axb5 38. Kf1 Kd6 39.
f4 e4 40. g4 d4 41. exd4 Kd5 42. f5 Kxd4 43. g5 1-0

[Event "OLOA 1920 SG Leipzig II - SK König Pla"]
[Site "?"]
[Date "2019.12.08"]
[Round "5.1"]
[White "Mastrovasilis, Dimitrios"]
[Black "Boehnisch, Manfred"]
[Result "1-0"]
[WhiteElo "2599"]
[BlackElo "2260"]
[PlyCount "55"]
[EventDate "2019.??.??"]
[EventType "team-tourn"]

1. e4 c6 2. d4 d5 3. e5 c5 4. dxc5 Nc6 5. f4 e6 6. Be3 d4 7. Bf2 Bxc5 8. Nd2
Nge7 9. a3 Nd5 10. Qf3 Ne3 11. Bd3 O-O 12. Bxe3 dxe3 13. Nb3 Bb6 14. O-O-O Qh4
15. Ne2 f6 16. g3 Qh6 17. exf6 Qxf6 18. Qe4 g6 19. Nc3 Nd4 20. Bc4 Nxb3+ 21.
Bxb3 Kg7 22. Rhe1 a6 23. Qb4 Ba7 24. Ne4 Qf5 25. Qc3+ Kh6 26. Ng5 e5 27. Rd5
Bd4 28. Qc7 1-0

[Event "OLOA 1920 SG Leipzig II - SK König Pla"]
[Site "?"]
[Date "2019.12.08"]
[Round "5.2"]
[White "Dietze, Frank"]
[Black "Sandner, Gunter"]
[Result "0-1"]
[WhiteElo "2075"]
[BlackElo "2261"]
[PlyCount "90"]
[EventDate "2019.??.??"]
[EventType "team-tourn"]

1. d4 Nf6 2. c4 e6 3. g3 c5 4. d5 exd5 5. cxd5 d6 6. Nc3 g6 7. Bg2 Bg7 8. Nf3
O-O 9. O-O a6 10. a4 Re8 11. Bf4 Nh5 12. Bg5 Qc7 13. Qd2 Bg4 14. h3 Bxf3 15.
Bxf3 Nf6 16. Rfc1 Nbd7 17. Bg2 Rab8 18. Rab1 c4 19. b3 cxb3 20. Rxb3 Nc5 21.
Rbb1 b6 22. Qf4 Nh5 23. Qf3 f5 24. g4 fxg4 25. hxg4 Rf8 26. Qe3 Nf6 27. Bxf6
Bxf6 28. Ne4 Be5 29. Nxc5 bxc5 30. Rxb8 Qxb8 31. Qd3 Qb4 32. Qc4 Rf4 33. Qxa6
Rxg4 34. Qc8+ Kg7 35. Kf1 Rf4 36. Qh3 Qxa4 37. Rb1 Rb4 38. Rc1 Rd4 39. Bf3 Rh4
40. Qe6 Kh6 41. Qe7 Qf4 42. Rc2 Rh2 43. Ke1 Qb4+ 44. Kd1 Qd4+ 45. Kc1 Rxf2 0-1

[Event "OLOA 1920 SG Leipzig II - SK König Pla"]
[Site "?"]
[Date "2019.12.08"]
[Round "5.3"]
[White "Kuraszkiewicz, Michael"]
[Black "Schunk, Thomas"]
[Result "1/2-1/2"]
[WhiteElo "2287"]
[BlackElo "2107"]
[PlyCount "36"]
[EventDate "2019.??.??"]
[EventType "team-tourn"]

1. d4 f5 2. g3 Nf6 3. Bg2 d5 4. Nf3 e6 5. O-O Bd6 6. c4 c6 7. Qc2 O-O 8. Nc3
Bd7 9. Rb1 a5 10. c5 Bc7 11. a3 Be8 12. b4 axb4 13. axb4 Nbd7 14. Ng5 Qe7 15.
f4 h6 16. Nf3 Ne4 17. Bd2 Ndf6 18. Ra1 Bh5 1/2-1/2

[Event "OLOA 1920 SG Leipzig II - SK König Pla"]
[Site "?"]
[Date "2019.12.08"]
[Round "5.4"]
[White "Schultz, Andreas"]
[Black "Kunze, Carlo"]
[Result "1-0"]
[WhiteElo "2170"]
[BlackElo "2256"]
[PlyCount "85"]
[EventDate "2019.??.??"]
[EventType "team-tourn"]

1. d4 Nf6 2. c4 d6 3. Nf3 Nbd7 4. Nc3 e5 5. g3 Be7 6. Bg2 O-O 7. O-O c6 8. e4
a6 9. a4 a5 10. h3 Re8 11. Be3 Qc7 12. Qc2 exd4 13. Nxd4 Nc5 14. Rad1 g6 15.
Rfe1 Bf8 16. f4 Qb6 17. b3 Bg7 18. Rb1 Bd7 19. Bf2 Re7 20. e5 dxe5 21. Rxe5
Rxe5 22. fxe5 Nh5 23. Ne4 Bxe5 24. Nxc5 Qxc5 25. Nxc6 Bf5 26. Qxf5 gxf5 27.
Bxc5 bxc6 28. Bxc6 Rc8 29. Re1 Bc3 30. Re8+ Rxe8 31. Bxe8 Nxg3 32. Kg2 Ne4 33.
Be3 Bb4 34. Kf3 Nc5 35. Bxc5 Bxc5 36. Bd7 h6 37. Bxf5 Kf8 38. Ke4 Ke7 39. Kd5
Bb4 40. c5 Be1 41. Kc6 Kd8 42. Kb7 Bg3 43. b4 1-0

[Event "OLOA 1920 SG Leipzig II - SK König Pla"]
[Site "?"]
[Date "2019.12.08"]
[Round "5.5"]
[White "Schaller, Sven"]
[Black "Roemling, Sven"]
[Result "1/2-1/2"]
[WhiteElo "2259"]
[BlackElo "2178"]
[PlyCount "69"]
[EventDate "2019.??.??"]
[EventType "team-tourn"]

1. c4 Nf6 2. Nf3 g6 3. g3 Bg7 4. Bg2 O-O 5. Nc3 c6 6. b3 d5 7. cxd5 cxd5 8. Bb2
Nc6 9. O-O Bf5 10. d3 d4 11. Na4 Nd5 12. Qd2 b6 13. Rfe1 Rc8 14. Rac1 e5 15.
Ba3 Re8 16. Nh4 Be6 17. e4 dxe3 18. fxe3 Qd7 19. Nf3 Bh6 20. Nc3 Nxc3 21. Rxc3
e4 22. dxe4 Qxd2 23. Nxd2 Ne5 24. Rec1 Rcd8 25. Nf1 b5 26. Bc5 b4 27. R3c2 Nd3
28. Rd1 Nxc5 29. Rxd8 Rxd8 30. Rxc5 Rd1 31. Kf2 Ra1 32. Rc2 Bg7 33. Nd2 Bc3 34.
Bf1 a5 35. Bc4 1/2-1/2

[Event "OLOA 1920 SG Leipzig II - SK König Pla"]
[Site "?"]
[Date "2019.12.08"]
[Round "5.6"]
[White "Limpert, Michael"]
[Black "Hoerr, Matthias"]
[Result "1/2-1/2"]
[WhiteElo "2142"]
[BlackElo "2151"]
[PlyCount "32"]
[EventDate "2019.??.??"]
[EventType "team-tourn"]

1. e4 c5 2. Nf3 e6 3. b3 b6 4. d4 cxd4 5. Nxd4 Bc5 6. c3 Bb7 7. Nd2 Qf6 8. Bb2
Nc6 9. N4f3 Ne5 10. Be2 d5 11. exd5 Bxd5 12. O-O Rd8 13. Qc2 Nxf3+ 14. Bxf3 Qg6
15. Qxg6 hxg6 16. c4 Bxf3 1/2-1/2

[Event "OLOA 1920 SG Leipzig II - SK König Pla"]
[Site "?"]
[Date "2019.12.08"]
[Round "5.7"]
[White "Linnert, Niklas"]
[Black "Greger, Ubald"]
[Result "0-1"]
[WhiteElo "2070"]
[BlackElo "2097"]
[PlyCount "68"]
[EventDate "2019.??.??"]
[EventType "team-tourn"]

1. e4 d6 2. d4 Nf6 3. Bd3 e5 4. c3 d5 5. dxe5 Nxe4 6. Nf3 Nc5 7. Bc2 Bg4 8. O-O
Nc6 9. b4 Ne6 10. Re1 Be7 11. Bb3 d4 12. b5 Na5 13. Bxe6 fxe6 14. Qxd4 Bxf3 15.
gxf3 O-O 16. f4 Qe8 17. Qa4 b6 18. Be3 a6 19. Nd2 axb5 20. Qe4 Ra7 21. Red1 Nb7
22. Nf3 Nc5 23. Bxc5 Bxc5 24. Rd3 Ra4 25. Nd4 Be7 26. Qg2 Bc5 27. Qg4 Bxd4 28.
cxd4 Qf7 29. Rc1 c5 30. d5 exd5 31. e6 Qf6 32. Rxd5 Rxf4 33. Qg2 Qxe6 34. Rcd1
Rg4 0-1

[Event "OLOA 1920 SG Leipzig II - SK König Pla"]
[Site "?"]
[Date "2019.12.08"]
[Round "5.8"]
[White "Haufe, Laurin"]
[Black "Pivtorak, Ilya"]
[Result "1-0"]
[WhiteElo "2022"]
[BlackElo "1491"]
[PlyCount "95"]
[EventDate "2019.??.??"]
[EventType "team-tourn"]

1. e4 e5 2. Nf3 Nc6 3. d4 exd4 4. Nxd4 Bc5 5. Be3 Qf6 6. c3 Nge7 7. Bc4 O-O 8.
O-O Qg6 9. Nd2 Ne5 10. Be2 d6 11. Bh5 Qf6 12. Kh1 Qh4 13. Be2 Ng4 14. Bxg4 Bxg4
15. f3 Bd7 16. b4 Bb6 17. Nc4 Bxd4 18. cxd4 Bb5 19. Qc1 Qh5 20. a4 Bd7 21. b5
Rac8 22. Qa3 Ng6 23. Qb3 Kh8 24. g4 Qh3 25. Qb2 Nh4 26. Qf2 f6 27. d5 Be8 28.
Rac1 Bf7 29. Qg3 Qxg3 30. hxg3 Rfe8 31. gxh4 Bg6 32. h5 Bf7 33. Rc3 Red8 34.
Rfc1 c5 35. Bf4 f5 36. Nxd6 Rc7 37. Nxf7+ Rxf7 38. gxf5 b6 39. a5 Rc8 40. Be5
Kg8 41. axb6 axb6 42. Ra1 c4 43. Ra4 Rff8 44. Raxc4 Ra8 45. Rc7 h6 46. Rxg7+
Kh8 47. Rg6+ Kh7 48. Rc7+ 1-0

[Event "OLOA 1920 SG G-W Dresden - SG Leipzig I"]
[Site "?"]
[Date "2019.12.08"]
[Round "5.1"]
[White "Natsidis, Christoph"]
[Black "Zwahr, Paul"]
[Result "1/2-1/2"]
[WhiteElo "2337"]
[BlackElo "2279"]
[PlyCount "21"]
[EventDate "2019.??.??"]
[EventType "team-tourn"]

1. d4 Nf6 2. c4 g6 3. Nc3 Bg7 4. e4 d6 5. Nge2 O-O 6. f3 c5 7. d5 e6 8. Ng3
exd5 9. cxd5 h5 10. Bg5 Qb6 11. Qd2 1/2-1/2

[Event "OLOA 1920 SG G-W Dresden - SG Leipzig I"]
[Site "?"]
[Date "2019.12.08"]
[Round "5.2"]
[White "Siedentopf, Daniel"]
[Black "Richter, Leonard"]
[Result "1/2-1/2"]
[WhiteElo "2270"]
[BlackElo "2257"]
[PlyCount "54"]
[EventDate "2019.??.??"]
[EventType "team-tourn"]

1. d4 Nf6 2. c4 g6 3. Nc3 Bg7 4. e4 d6 5. h3 O-O 6. Be3 c5 7. d5 b5 8. cxb5 a6
9. Nf3 axb5 10. e5 dxe5 11. Bxb5 e4 12. Ne5 Bb7 13. Nc6 Qc7 14. Bxc5 Nxc6 15.
dxc6 Bxc6 16. Bxc6 Qxc6 17. Bxe7 Rfb8 18. O-O Rxb2 19. Rc1 e3 20. Na4 Qe6 21.
Nxb2 e2 22. Qd6 exf1=Q+ 23. Kxf1 Qxd6 24. Bxd6 Ne4 25. Nc4 Rxa2 26. f3 Nxd6 27.
Nxd6 Ra1 1/2-1/2

[Event "OLOA 1920 SG G-W Dresden - SG Leipzig I"]
[Site "?"]
[Date "2019.12.08"]
[Round "5.3"]
[White "Nguyen, Alex Dac-Vuong"]
[Black "Genkin, Michael"]
[Result "1/2-1/2"]
[WhiteElo "2409"]
[BlackElo "2277"]
[PlyCount "35"]
[EventDate "2019.??.??"]
[EventType "team-tourn"]

1. e4 e5 2. Nf3 Nc6 3. d4 exd4 4. Bc4 Nf6 5. Ng5 Ne5 6. Qxd4 Nxc4 7. Qxc4 d5 8.
exd5 h6 9. Ne4 Nxd5 10. O-O c6 11. Nbc3 Be6 12. Nc5 Bxc5 13. Qxc5 Nxc3 14. Qxc3
O-O 15. Bf4 Qh4 16. Bg3 Qg5 17. Qb4 Qb5 18. Qxb5 1/2-1/2

[Event "OLOA 1920 SG G-W Dresden - SG Leipzig I"]
[Site "?"]
[Date "2019.12.08"]
[Round "5.4"]
[White "Zimmermann, Rene"]
[Black "Heistermann, Till"]
[Result "1-0"]
[WhiteElo "2184"]
[BlackElo "2177"]
[PlyCount "177"]
[EventDate "2019.??.??"]
[EventType "team-tourn"]

1. d4 Nf6 2. Nf3 g6 3. c4 c5 4. Nc3 cxd4 5. Nxd4 Bg7 6. e4 d6 7. Be2 Nc6 8. Be3
O-O 9. O-O Nxd4 10. Bxd4 Bd7 11. Rc1 Bc6 12. Qd3 a5 13. Rfd1 Nd7 14. Bxg7 Kxg7
15. Qg3 Qb6 16. Rc2 a4 17. Kh1 Nf6 18. f3 Qa5 19. Rdc1 Rac8 20. Nd1 Qc5 21. Rc3
Nh5 22. Qh4 Qe5 23. Ne3 Nf6 24. Bd3 e6 25. Bb1 Rfd8 26. Qf2 Ra8 27. Rf1 Qc5 28.
Qg3 a3 29. b3 Rd7 30. Nc2 Nh5 31. Qh4 Qe5 32. Rd3 Nf4 33. Rd2 g5 34. Qf2 h5 35.
Rfd1 Kf6 36. Nb4 h4 37. Kg1 Rad8 38. Nc2 Ra8 39. Ne3 Ke7 40. Ng4 Qc5 41. Qxc5
dxc5 42. Ne5 Rxd2 43. Rxd2 Rd8 44. Rxd8 Kxd8 45. Nxf7+ Ke7 46. Ne5 Ne2+ 47. Kf2
Nd4 48. Ke3 Be8 49. Nd3 Kd6 50. Ne1 b5 51. Bd3 bxc4 52. Bxc4 e5 53. Kd2 Kc7 54.
h3 Bd7 55. Kc3 Kd6 56. b4 Ba4 57. bxc5+ Kxc5 58. Nd3+ Kd6 59. Kb4 Bd1 60. Ne1
Nc6+ 61. Kxa3 Kc5 62. Bd5 Ne7 63. Bb3 Be2 64. Kb2 Kd4 65. Nc2+ Kd3 66. a4 Nc6
67. Be6 Bd1 68. Bd5 Ne7 69. Nb4+ Ke2 70. a5 Kf2 71. a6 Nc8 72. Kc1 Ba4 73. Nd3+
Kxg2 74. Nxe5 Bb5 75. Be6 Na7 76. Kd2 Bxa6 77. Ke3 Bc8 78. Bxc8 Nxc8 79. Nf7
Kxh3 80. Kf2 g4 81. Ng5+ Kh2 82. fxg4 Ne7 83. e5 h3 84. Nf3+ Kh1 85. Kg3 h2 86.
e6 Ng6 87. Nxh2 Kg1 88. Nf3+ Kf1 89. Nh4 1-0

[Event "OLOA 1920 SG G-W Dresden - SG Leipzig I"]
[Site "?"]
[Date "2019.12.08"]
[Round "5.5"]
[White "Roesemann, Rainer"]
[Black "Gehmlich, Marcel"]
[Result "0-1"]
[WhiteElo "2232"]
[BlackElo "2192"]
[PlyCount "114"]
[EventDate "2019.??.??"]
[EventType "team-tourn"]

1. c4 e5 2. g3 d6 3. Bg2 f5 4. Nc3 Nf6 5. d3 Be7 6. e4 Nc6 7. Nge2 Be6 8. Nd5
Qd7 9. O-O fxe4 10. dxe4 Nd8 11. b3 c6 12. Nxf6+ Bxf6 13. Qd3 Nf7 14. Bb2 O-O
15. f4 Bh3 16. f5 Bxg2 17. Kxg2 Rad8 18. Rad1 a6 19. a4 Qc7 20. Nc3 Qb6 21. Qc2
Rd7 22. Rf3 Rc8 23. Rfd3 Qc7 24. Qf2 Qa5 25. h4 Bd8 26. c5 Be7 27. Ba3 Rcd8 28.
Qd2 Qc7 29. Kh3 Kf8 30. g4 Ke8 31. cxd6 Bxd6 32. Bb2 Bc5 33. Rxd7 Rxd7 34. Qc2
Rxd1 35. Nxd1 Qd6 36. g5 Bd4 37. Qc4 b5 38. axb5 axb5 39. Qc2 c5 40. Bc1 Qc6
41. Ne3 Bxe3 42. Bxe3 c4 43. bxc4 bxc4 44. Bd2 Nd6 45. Bc3 Qxe4 46. Qxe4 Nxe4
47. Bxe5 Kf8 48. Kg4 c3 49. Kh5 c2 50. Bb2 Ng3+ 51. Kg4 Ne2 52. Kh5 Nf4+ 53.
Kg4 Nd3 54. Ba3+ Kf7 55. h5 c1=Q 56. Bxc1 Nxc1 57. h6 g6 0-1

[Event "OLOA 1920 SG G-W Dresden - SG Leipzig I"]
[Site "?"]
[Date "2019.12.08"]
[Round "5.7"]
[White "Hoffmann, Hendrik"]
[Black "Dahl, Christoph"]
[Result "1-0"]
[WhiteElo "2234"]
[BlackElo "2162"]
[PlyCount "83"]
[EventDate "2019.??.??"]
[EventType "team-tourn"]

1. e4 e5 2. Nf3 Nc6 3. Bc4 Nf6 4. Ng5 d5 5. exd5 Na5 6. Bb5+ c6 7. dxc6 bxc6 8.
Be2 h6 9. Nf3 e4 10. Ne5 Bc5 11. c3 Qd5 12. d4 exd3 13. Nxd3 Bb6 14. O-O Bf5
15. b4 Nc4 16. Nf4 Qxd1 17. Rxd1 Ne5 18. c4 Bc2 19. Rd2 Bxb1 20. c5 Bxc5 21.
bxc5 Bf5 22. Bb2 Nfd7 23. Nh5 O-O 24. f4 Rfd8 25. fxe5 Nxc5 26. Rxd8+ Rxd8 27.
Rd1 Rb8 28. Bd4 Ne6 29. Bc3 Bc2 30. Rc1 Be4 31. Ng3 Bd5 32. Nf5 Nf4 33. Kf2
Nxe2 34. Kxe2 Bxg2 35. Rg1 Be4 36. Nxg7 Rb1 37. Rg4 Bc2 38. Kd2 Bg6 39. e6 Rb7
40. Nf5 Kf8 41. e7+ Ke8 42. Nd6+ 1-0

[Event "OLOA 1920 SG G-W Dresden - SG Leipzig I"]
[Site "?"]
[Date "2019.12.08"]
[Round "5.8"]
[White "Butscher, Daniel"]
[Black "Rausch, Stephan"]
[Result "0-1"]
[WhiteElo "2098"]
[BlackElo "2251"]
[PlyCount "64"]
[EventDate "2019.??.??"]
[EventType "team-tourn"]

1. d4 e6 2. Nc3 d5 3. Bf4 Bd6 4. e3 Nf6 5. Bd3 Bxf4 6. exf4 c5 7. dxc5 Qa5 8.
Nf3 Qxc5 9. O-O O-O 10. Ne5 Nc6 11. a3 d4 12. Ne2 Rd8 13. Nc4 b5 14. b4 Qd5 15.
Nd2 Bb7 16. f3 a6 17. Ne4 Ne7 18. N2g3 Nd7 19. Re1 Ng6 20. Ng5 Nxf4 21. Bxh7+
Kh8 22. Be4 Qxg5 23. Bxb7 Ra7 24. Be4 Nf6 25. a4 Rc7 26. axb5 axb5 27. Ra5 N6h5
28. Kf2 Rc3 29. Bd3 Nxd3+ 30. cxd3 Nf4 31. Re4 Nxd3+ 32. Ke2 Nb2 0-1

[Event "OLOA 1920 FVS ASP Hoyerswerda - Nickelh"]
[Site "?"]
[Date "2019.12.08"]
[Round "5.1"]
[White "Pulpan, Jakub"]
[Black "Bures, Jaroslav"]
[Result "1/2-1/2"]
[WhiteElo "2408"]
[BlackElo "2383"]
[PlyCount "114"]
[EventDate "2019.??.??"]
[EventType "team-tourn"]

1. Nf3 d5 2. d4 Nf6 3. c4 c6 4. Nbd2 e6 5. g3 Nbd7 6. Bg2 Bd6 7. O-O O-O 8. b3
b6 9. Bb2 Bb7 10. Ne5 c5 11. Nxd7 Qxd7 12. dxc5 Bxc5 13. Bxf6 gxf6 14. Ne4 Qe7
15. Nxc5 Qxc5 16. Rc1 Qa5 17. cxd5 Bxd5 18. Bxd5 Rad8 19. e4 exd5 20. Qg4+ Kh8
21. Qf4 dxe4 22. Qxf6+ Kg8 23. Rc4 Rde8 24. Ra4 Qh5 25. Rxa7 Re6 26. Qf4 Qh3
27. f3 e3 28. Re7 h6 29. Rxe6 Qxe6 30. Re1 Re8 31. Qg4+ Kh7 32. Qxe6 Rxe6 33.
f4 Rd6 34. Re2 h5 35. Kg2 f5 36. Kf3 h4 37. Kxe3 hxg3 38. hxg3 Kg6 39. Kf3 b5
40. a3 Ra6 41. Re5 Rxa3 42. Rxb5 Ra1 43. Rb8 Rf1+ 44. Kg2 Rb1 45. b4 Kh6 46. b5
Rb2+ 47. Kh3 Kh5 48. b6 Rxb6 49. Rg8 Rg6 50. Rf8 Rf6 51. Rg8 Rg6 52. Re8 Re6
53. Rh8+ Rh6 54. Rxh6+ Kxh6 55. Kg2 Kg6 56. Kf2 Kf6 57. Ke3 Ke7 1/2-1/2

[Event "OLOA 1920 FVS ASP Hoyerswerda - Nickelh"]
[Site "?"]
[Date "2019.12.08"]
[Round "5.2"]
[White "Orsag, Milan"]
[Black "Langrock, Hannes"]
[Result "1/2-1/2"]
[WhiteElo "2307"]
[BlackElo "2350"]
[PlyCount "52"]
[EventDate "2019.??.??"]
[EventType "team-tourn"]

1. d4 f5 2. c4 Nf6 3. Nc3 d6 4. g3 g6 5. Bg2 Bg7 6. Nf3 O-O 7. O-O c6 8. Rb1
Ne4 9. Nxe4 fxe4 10. Ne1 d5 11. Nc2 Bf5 12. b3 Nd7 13. Be3 a5 14. Qd2 b5 15.
cxd5 cxd5 16. Bh6 Bxh6 17. Qxh6 Nf6 18. Qd2 b4 19. Ne3 Be6 20. Rbc1 Qd6 21. Rc5
Rfc8 22. Rfc1 Rxc5 23. Rxc5 Nd7 24. Rc1 Nf6 25. Rc5 Nd7 26. Rc1 Nf6 1/2-1/2

[Event "OLOA 1920 FVS ASP Hoyerswerda - Nickelh"]
[Site "?"]
[Date "2019.12.08"]
[Round "5.4"]
[White "Jahnel, Guenther"]
[Black "Jurasek, Miroslav"]
[Result "1-0"]
[WhiteElo "2176"]
[BlackElo "2234"]
[PlyCount "43"]
[EventDate "2019.??.??"]
[EventType "team-tourn"]

1. d4 e6 2. c4 Nf6 3. Nf3 d5 4. Nc3 Bb4 5. e3 O-O 6. a3 Be7 7. Qc2 c5 8. dxc5
dxc4 9. Bxc4 Bxc5 10. O-O Nbd7 11. Rd1 a6 12. b4 Ba7 13. Bb2 b5 14. Bd3 Qc7 15.
Rac1 Bb7 16. Qb1 Qb6 17. Ne4 Nxe4 18. Bxe4 Bxe4 19. Qxe4 Rad8 20. Ng5 g6 21.
Nxh7 f5 22. Qh4 1-0

[Event "OLOA 1920 FVS ASP Hoyerswerda - Nickelh"]
[Site "?"]
[Date "2019.12.08"]
[Round "5.5"]
[White "Heinz, Juergen"]
[Black "Kesik, Klaus-Dieter"]
[Result "1/2-1/2"]
[WhiteElo "2191"]
[BlackElo "2222"]
[PlyCount "118"]
[EventDate "2019.??.??"]
[EventType "team-tourn"]

1. d4 Nf6 2. Bg5 d6 3. Nc3 h6 4. Bxf6 exf6 5. e4 g6 6. Bd3 Bg7 7. Nge2 Nc6 8.
Nd5 Ne7 9. Ne3 d5 10. f3 O-O 11. c3 h5 12. O-O Bh6 13. Nxd5 Nxd5 14. exd5 Qxd5
15. Qc2 f5 16. b3 Qd8 17. Rae1 Bd7 18. Kh1 Re8 19. b4 Qf6 20. Bc4 Re3 21. Nc1
Rae8 22. Rxe3 Rxe3 23. Nd3 Kg7 24. Ne5 Be8 25. g3 Qe7 26. f4 f6 27. Qd2 Re4 28.
Nf3 Bc6 29. b5 Bd7 30. Bd3 Qd6 31. Kg2 Re8 32. Re1 Rxe1 33. Qxe1 Be6 34. c4 Bf7
35. Qe2 Qa3 36. d5 Qc3 37. Kf2 Kg8 38. Qd2 Qa1 39. Kg2 Bf8 40. Qf2 b6 41. Qc2
Bc5 42. Qb1 Qc3 43. Qc2 Bb4 44. Qxc3 Bxc3 45. Kf2 Kf8 46. Ke3 Be8 47. Nd4 Bd7
48. Nc2 Ke7 49. Be2 Kd6 50. Kd3 Bb2 51. h4 Kc5 52. Bf3 Bc8 53. Bd1 a6 54. a4 a5
55. Bf3 Bd7 56. Be2 Be8 57. Ke3 Bc1+ 58. Kf3 Bf7 59. Bd3 Be8 1/2-1/2

[Event "OLOA 1920 FVS ASP Hoyerswerda - Nickelh"]
[Site "?"]
[Date "2019.12.08"]
[Round "5.6"]
[White "Boehm, Robert"]
[Black "Bulockin, Martin"]
[Result "1/2-1/2"]
[WhiteElo "2150"]
[BlackElo "2258"]
[PlyCount "45"]
[EventDate "2019.??.??"]
[EventType "team-tourn"]

1. Nf3 c5 2. c4 Nc6 3. Nc3 g6 4. g3 Bg7 5. Bg2 e5 6. d3 Nge7 7. Nd2 d6 8. Nf1
Nf5 9. Ne3 Nxe3 10. Bxe3 O-O 11. O-O Be6 12. Rb1 Qd7 13. a3 Bh3 14. b4 Bxg2 15.
Kxg2 b6 16. Nd5 Ne7 17. Nxe7+ Qxe7 18. Qd2 f5 19. f3 Rae8 20. Bg5 Qe6 21. e4 f4
22. g4 Bf6 23. Bxf6 1/2-1/2

[Event "OLOA 1920 FVS ASP Hoyerswerda - Nickelh"]
[Site "?"]
[Date "2019.12.08"]
[Round "5.7"]
[White "Poessel, Christian"]
[Black "Grohmann, Alexander"]
[Result "1-0"]
[WhiteElo "1994"]
[BlackElo "1980"]
[PlyCount "67"]
[EventDate "2019.??.??"]
[EventType "team-tourn"]

1. d4 d5 2. c4 e6 3. Nf3 Nf6 4. g3 Bb4+ 5. Bd2 Bd6 6. Nc3 c6 7. Bg2 O-O 8. Qc2
dxc4 9. Rd1 Nbd7 10. e4 Bc7 11. O-O a6 12. e5 Nd5 13. Ng5 g6 14. Nce4 c5 15.
Nf3 Nb4 16. Qxc4 b5 17. Qb3 Bb7 18. Nxc5 Nxc5 19. dxc5 Nd5 20. Bg5 Qb8 21. Rfe1
Bd8 22. Bh6 Re8 23. Nd4 Ba5 24. Bd2 Bxd2 25. Rxd2 Qc7 26. c6 Bc8 27. f4 Nb6 28.
Qc3 Nd5 29. Bxd5 exd5 30. Rc1 Be6 31. b4 Red8 32. Qc5 Rab8 33. a4 bxa4 34. Ra2
1-0

[Event "OLOA 1920 FVS ASP Hoyerswerda - Nickelh"]
[Site "?"]
[Date "2019.12.08"]
[Round "5.8"]
[White "Heyme, Sibylle"]
[Black "Kubikova, Hana"]
[Result "1/2-1/2"]
[WhiteElo "2048"]
[BlackElo "2046"]
[PlyCount "23"]
[EventDate "2019.??.??"]
[EventType "team-tourn"]

1. e4 c5 2. Nf3 Nc6 3. d4 cxd4 4. Nxd4 Nf6 5. Nc3 e6 6. a3 Be7 7. Be2 O-O 8.
O-O d5 9. exd5 Nxd4 10. Qxd4 Nxd5 11. Nxd5 exd5 12. Bf3 1/2-1/2

[Event "OLOA 1920 SK König Plauen I - SG G-W D"]
[Site "?"]
[Date "2020.01.18"]
[Round "6.1"]
[White "Zwahr, Paul"]
[Black "Mastrovasilis, Dimitrios"]
[Result "0-1"]
[WhiteElo "2284"]
[BlackElo "2601"]
[PlyCount "148"]
[EventDate "2020.??.??"]
[EventType "team-tourn"]

{[%evp 0,72,29,22,22,22,22,15,38,0,0,-38,14,38,96,-6,81,0,24,-46,23,5,62,62,65,
58,69,41,66,43,69,25,83,45,38,26,49,16,29,19,20,-33,-13,-13,-6,-44,4,17,5,5,8,
8,-2,-26,-31,-38,-33,-33,-33,-38,-16,-17,19,4,-3,-1,17,4,14,-41,-46,-57,-19,
-104,-82]} 1. e4 e5 2. Nf3 Nc6 3. Bb5 Bc5 4. c3 Nf6 5. d4 Bb6 6. O-O O-O 7. Bg5
h6 8. Bh4 d6 9. Qd3 Qe7 10. Nbd2 Nb8 11. h3 c6 12. Ba4 Nbd7 13. Rfe1 Rd8 14.
Nc4 Nf8 15. Rad1 Bc7 16. Ne3 Ng6 17. Bg3 Nh5 18. Nf5 Qf6 19. Bc2 Be6 20. Nh2
Nxg3 21. fxg3 exd4 22. cxd4 d5 23. e5 Qxf5 24. Qxf5 Bxf5 25. Bxf5 Nf8 26. Kf2
Bb6 27. h4 g6 28. Bh3 Kg7 29. Nf3 Re8 30. Ke3 f6 31. Kd3 fxe5 32. Nxe5 Bc7 33.
Re2 Nh7 34. Bg4 Nf6 35. Bf3 Re7 36. Rc1 Rae8 37. g4 Bxe5 38. Rxe5 Rxe5 39. dxe5
Nd7 40. Kd4 Nf8 41. b4 Ne6+ 42. Ke3 Kf7 43. b5 Nc7 44. Rf1 Rxe5+ 45. Kd4 Ke6
46. bxc6 bxc6 47. Rc1 Nb5+ 48. Kc5 Kd7 49. a4 Nc7 50. Kd4 Re7 51. Rb1 Kd6 52.
Rb8 Re8 53. Rb7 a6 54. Kd3 g5 55. h5 Rf8 56. a5 Rf6 57. Ke3 Ne6 58. Be2 Nc5 59.
Ra7 Re6+ 60. Kd2 Nb3+ 61. Kd1 Nxa5 62. Bxa6 Nb3 63. Rh7 c5 64. Bd3 c4 65. Bg6
d4 66. Bf7 Re7 67. Rxh6+ Kc5 68. Rf6 d3 69. h6 Ra7 70. Ke1 d2+ 71. Ke2 Re7+ 72.
Be6 c3 73. h7 Nd4+ 74. Kf2 Rxh7 0-1

[Event "OLOA 1920 SK König Plauen I - SG G-W D"]
[Site "?"]
[Date "2020.01.18"]
[Round "6.2"]
[White "Zawadzka, Jolanta"]
[Black "Siedentopf, Daniel"]
[Result "1-0"]
[WhiteElo "2412"]
[BlackElo "2272"]
[PlyCount "75"]
[EventDate "2020.??.??"]
[EventType "team-tourn"]

1. e4 e6 2. d4 d5 3. Nc3 Bb4 4. Nge2 dxe4 5. a3 Be7 6. Nxe4 Nf6 7. Qd3 O-O 8.
Bf4 b5 9. Nxf6+ Bxf6 10. Qg3 Na6 11. Rd1 b4 12. Nc1 c5 13. dxc5 Qa5 14. Nb3 Qa4
15. Be5 Bxe5 16. Qxe5 bxa3 17. bxa3 Qxa3 18. Bd3 Qb4+ 19. Rd2 Qb8 20. Qd6 Nb4
21. Be4 Bb7 22. c6 Qxd6 23. Rxd6 Ba6 24. c7 Rac8 25. c3 Bc4 26. Nd2 Nd5 27.
Nxc4 Nxc3 28. Bd3 Rxc7 29. O-O Nb5 30. Ra6 Rd8 31. Nb2 Nc3 32. Ra3 g6 33. g3
Kg7 34. Kg2 e5 35. Rc1 Rdc8 36. Ba6 Rb8 37. Nd3 e4 38. Rcxc3 1-0

[Event "OLOA 1920 SK König Plauen I - SG G-W D"]
[Site "?"]
[Date "2020.01.18"]
[Round "6.4"]
[White "Kunze, Carlo"]
[Black "Genkin, Michael"]
[Result "1-0"]
[WhiteElo "2249"]
[BlackElo "2291"]
[PlyCount "69"]
[EventDate "2020.??.??"]
[EventType "team-tourn"]

{[%evp 0,48,29,23,32,-23,-23,-16,-16,-40,-1,-6,46,54,54,54,66,31,78,65,61,52,
52,62,50,37,58,46,65,66,50,52,51,45,45,36,45,40,40,12,37,-13,12,0,43,38,121,
121,70,80,86]} 1. d4 Nf6 2. c4 e6 3. Nc3 d5 4. Bg5 Be7 5. e3 b6 6. cxd5 Nxd5 7.
Bxe7 Nxe7 8. Bb5+ c6 9. Bd3 Nd7 10. Nf3 Bb7 11. O-O O-O 12. Ne4 Nd5 13. Nd6 Qc7
14. Nxb7 Qxb7 15. Rc1 Rfc8 16. e4 Nf4 17. Bb1 c5 18. Qd2 Ng6 19. Rcd1 b5 20. h4
cxd4 21. Qxd4 Nc5 22. e5 Qe7 23. h5 Nf8 24. Qb4 a6 25. Rd2 Qa7 26. Rfd1 Rab8
27. Qh4 h6 28. b3 Qb7 29. Rd4 Ncd7 30. Rg4 Kh8 31. Qg3 g5 32. hxg6 fxg6 33.
Bxg6 Nb6 34. Be4 Qf7 35. Qh4 1-0

[Event "OLOA 1920 SK König Plauen I - SG G-W D"]
[Site "?"]
[Date "2020.01.18"]
[Round "6.5"]
[White "Zimmermann, Rene"]
[Black "Schaller, Sven"]
[Result "1-0"]
[WhiteElo "2195"]
[BlackElo "2259"]
[PlyCount "45"]
[EventDate "2020.??.??"]
[EventType "team-tourn"]

1. d4 Nf6 2. c4 d6 3. Nc3 c6 4. e4 Qc7 5. h3 e5 6. Nf3 Be7 7. Be3 Nbd7 8. g3
O-O 9. Bg2 a6 10. O-O b5 11. cxb5 cxb5 12. Rc1 Qb8 13. b4 Bd8 14. Nd2 exd4 15.
Bxd4 Bb7 16. Nb3 Re8 17. Re1 Ne5 18. Nd5 Nfd7 19. f4 Nc4 20. Qg4 g6 21. Qxd7
Re6 22. f5 Ne5 23. Bxe5 1-0